000 00324nam a2200133Ia 4500
008 230801s9999||||xx |||||||||||||| ||und||
020 _a9780007130771
082 _a813.54
_bM6136
100 _aKoontz, Dean
245 4 _aThe taking
260 _aLondon
_bHarper Collins Publishers
_c2005
300 _a410 p.
942 _cBK
999 _c27097
_d27097